NLSUI OPAC header image

Lessons from plachimada for water law : who should own the groundwater (Record no. 217076)

MARC details
000 -LEADER
fixed length control field 01273nam a2200145Ia 4500
005 - DATE AND TIME OF LATEST TRANSACTION
control field 20260209120132.0
008 - FIXED-LENGTH DATA ELEMENTS--GENERAL INFORMATION
fixed length control field 260209s9999||||xx |||||||||||||| ||und||
100 ## - MAIN ENTRY--PERSONAL NAME
Personal name Mahesh Menon
245 #0 - TITLE STATEMENT
Title Lessons from plachimada for water law : who should own the groundwater
260 ## - PUBLICATION, DISTRIBUTION, ETC.
Place of publication, distribution, etc. BangaloreBangalore
Name of publisher, distributor, etc. NLSIU
Date of publication, distribution, etc. 2013
300 ## - PHYSICAL DESCRIPTION
Extent 84 p. ; 25 cm.
505 ## - FORMATTED CONTENTS NOTE
Formatted contents note TABLE OF CONTENTS Certificate II; Declaration III; Acknowledgements IV; Index of Abbreviations VI; Summary IX; Research Methodology Xli; Chapter One: What Happened at Plachimada & Plachimadas in the making. 1; A. The Story of Plachimada 1; B. Plachimadas in the Making 9; Chapter Two: The Common Law & Regulation of Groundwater 17; A. The English Rule and American Rules. 17; B. The Public Trust Approach to Groundwater 24; C. The Common Law in India and Attempts at Reform 30; Chapter Three: The Regulation of Groundwater: International approaches 38; A. The Lessons from International Experience 56; Chapter 4: Reconceptualising the Ground Water Law for India 58; A. The Case for Decentralization 58; B. Strategies for India 61; Chapter 5: Conclusions 70; Bibliography 73.
700 ## - ADDED ENTRY--PERSONAL NAME
Personal name Prof. (Dr.) M K Ramesh - GuideProf. (Dr.) M K Ramesh - Guide
856 ## - ELECTRONIC LOCATION AND ACCESS
Uniform Resource Identifier <a href="https://dans.nls.ac.in/handle/123456789/1866">https://dans.nls.ac.in/handle/123456789/1866</a>
Holdings
Withdrawn status Lost status Damaged status Not for loan Home library Current library Date acquired Total Checkouts Barcode Date last seen Price effective from Koha item type
        . . 09.02.2026   LLM441 09.02.2026 09.02.2026 Dissertation